[Event "Open"]
[Site "Lenk SUI"]
[Date "2005.04.24"]
[Round "1"]
[White "Tukmakov,V"]
[Black "Bur,A"]
[Result "1-0"]
[WhiteElo "2558"]
[BlackElo "2040"]

1.Nf3 Nf6 2.c4 b6 3.g3 c5 4.Bg2 Bb7 5.O-O g6 6.d4 cxd4 7.Qxd4 Bg7 8.Nc3 O-O
9.Qh4 d6 10.Bh6 Nbd7 11.Rad1 Rc8 12.b3 Rc5 13.Ng5 Bxg2 14.Kxg2 Re8 15.e4 Nf8
16.Rfe1 Qc8 17.Nd5 b5 18.cxb5 Bxh6 19.Qxh6 Nxd5 20.Rxd5 Rxd5 21.exd5 Qc5
22.Rd1 Qc3 23.Nf3 Qb4 24.Nd4 e5 25.dxe6 Nxe6 26.Qe3 Nc7 27.Qf3 Nxb5 28.Qb7  1-0

[Event "23rd Liechtenstein Open"]
[Site "Triesen LIE"]
[Date "2005.05.04"]
[Round "6"]
[White "Grunberg,SF"]
[Black "Kohlweyer,B"]
[Result "1/2-1/2"]
[WhiteElo "2312"]
[BlackElo "2429"]

1.Nf3 c5 2.c4 Nf6 3.g3 b6 4.Bg2 Bb7 5.O-O g6 6.Nc3 Bg7 7.d3 O-O 8.e4 Nc6
9.h3 Ne8 10.Rb1 Nc7 11.a3 d6 12.Bd2 Ne6 13.b4 Qd7 14.Nd5 Ned4 15.Nxd4 Nxd4
16.f4 e6 17.Ne3 f5 18.Nc2 Bc6 19.b5 Bb7 20.Be3 Nxc2  1/2-1/2

[Event "48th TCh-SCG"]
[Site "Herceg Novi SCG"]
[Date "2005.05.16"]
[Round "2"]
[White "Petrov,G"]
[Black "Tosic,N"]
[Result "1-0"]
[WhiteElo "2227"]
[BlackElo "2219"]

1.Nf3 Nf6 2.c4 c5 3.g3 b6 4.Bg2 Bb7 5.O-O g6 6.Nc3 Bg7 7.d4 cxd4 8.Qxd4 O-O
9.Qh4 d6 10.Bh6 Nbd7 11.Rac1 Rc8 12.b3 Rc5 13.Bxg7 Kxg7 14.Qd4 Kg8 15.Rfd1 a6
16.b4 Rc7 17.e4 Qc8 18.Nd2 Ng4 19.Nd5 Bxd5 20.exd5 Nge5 21.f4 Ng4 22.Re1 Re8
23.Nb3 Qa8 24.Qd1 Ngf6 25.Nd4 a5 26.b5 Nc5 27.Nc6 Qc8 28.Qd4 Qf5 29.Re3 Rb7
30.h3 h5 31.Kh2 Rc7 32.Rce1 Kf8 33.Be4 Ncxe4 34.Rxe4 Rb7 35.R4e2 Ng8 36.Qe3 Nh6
37.Qc3 Ng8 38.Qf3 Nh6 39.Rg1 Qf6 40.g4 hxg4 41.hxg4 Qh4+ 42.Qh3 Qxh3+ 43.Kxh3 Rc7
44.Kg3 Kg7 45.Rge1 Kf8 46.Rh2 Kg7 47.Reh1 Rh8 48.Kf3 f6 49.Nd4 Rxc4 50.Ne6+ Kf7
51.Rxh6 Rc3+ 52.Ke4 Rhc8 53.Rh7+ Ke8 54.Rh8+ Kd7 55.Rxc8 Rxc8 56.Kd4 Rc2
57.Rh8 Rd2+ 58.Kc4 Rc2+ 59.Kd3  1-0

[Event "48th TCh-SCG"]
[Site "Herceg Novi SCG"]
[Date "2005.05.17"]
[Round "3"]
[White "Lalic,D"]
[Black "Todorovic,GN"]
[Result "1/2-1/2"]
[WhiteElo "2359"]
[BlackElo "2416"]

1.Nf3 Nf6 2.g3 b6 3.Bg2 Bb7 4.c4 c5 5.O-O g6 6.b3 Bg7 7.Bb2 O-O 8.Nc3 d5
9.Nxd5 Nxd5 10.Bxg7 Kxg7 11.cxd5 Qxd5 12.d4 cxd4 13.Qxd4+ Qxd4 14.Nxd4 Bxg2
15.Kxg2 a6 16.Rac1 Ra7 17.f4 Rd8 18.e3 Rad7 19.b4 e6 20.Rc3 Rd6 21.Rfc1 Nd7
22.Rc6 Nf6 23.Rxd6 Rxd6 24.Kf3 Nd5 25.a3 b5 26.Rc8 Ne7 27.Rc7 Nd5 28.Rc8 Ne7
29.Rc7 Nd5 30.Rc6 Rxc6 31.Nxc6 Nb6 32.Nb8 Nc4 33.Nxa6 Nxa3 34.Ke4 Kf6 35.g4 g5
36.h3  1/2-1/2

[Event "6th EICC"]
[Site "Warsaw POL"]
[Date "2005.06.29"]
[Round "11"]
[White "Karlsson,L"]
[Black "Hulak,K"]
[Result "1-0"]
[WhiteElo "2472"]
[BlackElo "2534"]

1.Nf3 c5 2.c4 Nf6 3.g3 b6 4.Bg2 Bb7 5.O-O g6 6.Nc3 Bg7 7.Re1 O-O 8.e4 Nc6
9.d3 e5 10.Nd5 h6 11.Bd2 d6 12.Rb1 Kh7 13.b4 cxb4 14.Nxb4 Nxb4 15.Bxb4 Qc7
16.Rc1 Nd7 17.Nd2 Nc5 18.Nb1 f5 19.Bxc5 Qxc5 20.exf5 Bxg2 21.Kxg2 gxf5 22.Nc3 Rae8
23.Nd5 b5 24.Qb3 Rb8 25.cxb5 Qxb5 26.Qxb5 Rxb5 27.Ne3 f4 28.Nc4 Rd5 29.Rcd1 f3+
30.Kh3 Kg6 31.Re3 Rf5 32.Re4 Bf6 33.Ne3 Rh5+ 34.Kg4 Ra5 35.a4 d5 36.Rb4 Rxh2
37.Kxf3 h5 38.Rc1 Be7 39.Rc6+ Bf6 40.Rd6 d4 41.Nd5 Rxd5 42.Rxd5 h4 43.Rd6 hxg3
44.Kxg3 Rh6 45.Rb7 a5 46.Kf3 Kf5 47.Rf7 Rg6 48.Ke2 Rh6 49.Ra6 Rg6 50.Rf8 Kg5
51.Rxa5 Rg7 52.f4+  1-0

[Event "ch-NOR"]
[Site "Sandnes NOR"]
[Date "2005.07.03"]
[Round "2"]
[White "Hole,O"]
[Black "Byklum,B"]
[Result "1-0"]
[WhiteElo "2336"]
[BlackElo "2283"]

1.Nf3 Nf6 2.c4 b6 3.g3 c5 4.Bg2 Bb7 5.O-O g6 6.Nc3 Bg7 7.d4 cxd4 8.Qxd4 Nc6
9.Qf4 Rc8 10.Bd2 O-O 11.Rac1 d6 12.Rfd1 Nb8 13.b3 Nbd7 14.e4 Nc5 15.Ne1 Rc7
16.Qe3 Qa8 17.f3 Re8 18.Nc2 a6 19.Nb4 e6 20.Be1 d5 21.cxd5 exd5 22.e5 Ncd7
23.f4 Bf8 24.Ncxd5 Nxd5 25.Nxd5 Rc5 26.Qd2 Rec8 27.Rxc5 bxc5 28.Qe2 Bc6 29.e6 fxe6
30.Qxe6+ Kh8 31.Ne7 Bxe7 32.Qxe7  1-0

[Event "ch-SWE"]
[Site "Goeteborg SWE"]
[Date "2005.07.10"]
[Round "8"]
[White "Hermansson,E"]
[Black "Berg,E"]
[Result "0-1"]
[WhiteElo "2430"]
[BlackElo "2539"]

1.Nf3 Nf6 2.c4 b6 3.g3 c5 4.Bg2 Bb7 5.O-O g6 6.d4 cxd4 7.Qxd4 Bg7 8.Nc3 d6
9.Rd1 Nbd7 10.Be3 Rc8 11.Rac1 h6 12.b3 Nc5 13.Nd5 Ne6 14.Nxf6+ Bxf6 15.Qd2 h5
16.Nd4 Bxg2 17.Nxe6 Qd7 18.Kxg2 Qxe6 19.Qd5 Qxd5+ 20.Rxd5 Kd7 21.Rc2 Rc6
22.a4 a6 23.Ra2 Bc3 24.Bd2 Bxd2 25.Raxd2 Rb8 26.e4 Rc5 27.e5 Rxd5 28.Rxd5 Kc6
29.exd6 e6 30.Rg5 Rg8 31.Re5 Kxd6 32.Re3 Rd8 33.Kf3 Kc5 34.Ke4 f6 35.Rf3 Rd4+
36.Ke3 f5 37.h4 e5 38.Ke2 a5 39.Re3 e4 40.f3 Kb4  0-1

[Event "WYb18"]
[Site "Belfort FRA"]
[Date "2005.07.22"]
[Round "4"]
[White "Meier,Geo"]
[Black "Papp,Ga"]
[Result "1/2-1/2"]
[WhiteElo "2437"]
[BlackElo "2474"]

1.Nf3 Nf6 2.g3 b6 3.Bg2 Bb7 4.c4 c5 5.O-O g6 6.b3 Bg7 7.Bb2 O-O 8.Nc3 Na6
9.Rc1 d5 10.Nxd5 Nxd5 11.Bxg7 Kxg7 12.cxd5 Qxd5 13.d4 Rfd8 14.dxc5 Nxc5 15.Qc2 Qd6
16.Rfd1 Qf6 17.Ne1 Bxg2 18.Kxg2 e5 19.b4 Ne6 20.Nf3 a5 21.a3 axb4 22.axb4 Ng5
23.Nxg5 Qxg5 24.Qc7 Rdc8 25.h4 Qf5 26.Qxb6 Qe4+ 27.Kg1 Rab8 28.Qa6 Rxc1 29.Rxc1 Rxb4
30.Qa3 Rb1 31.Rxb1 Qxb1+ 32.Kg2  1/2-1/2

[Event "15th ETC"]
[Site "Gothenburg SWE"]
[Date "2005.08.04"]
[Round "6"]
[White "Pantsulaia,L"]
[Black "Babula,V"]
[Result "1-0"]
[WhiteElo "2510"]
[BlackElo "2604"]

1.Nf3 Nf6 2.c4 b6 3.g3 c5 4.Bg2 Bb7 5.O-O g6 6.Nc3 Bg7 7.d4 cxd4 8.Nxd4 Bxg2
9.Kxg2 O-O 10.e4 Nc6 11.Be3 Qc7 12.b3 Qe5 13.f4 Qa5 14.Rc1 Ng4 15.Qxg4 Nxd4
16.Qd1 Nc6 17.Qd2 Rfd8 18.Rfd1 d6 19.Nd5 Qxd2+ 20.Rxd2 Rac8 21.g4 Kf8 22.g5 Nb8
23.h4 Nd7 24.Kf3 Nc5 25.h5 e6 26.Nf6 h6 27.hxg6 fxg6 28.Rcd1 Ke7 29.e5 hxg5
30.fxg5 Nb7 31.Bf4 Kf7 32.Ng4 dxe5 33.Bxe5 Rxd2 34.Rxd2 Rd8 35.Rh2 Kg8 36.Nf6+ Kf8
37.Nh7+ Kg8 38.Bxg7 Kxg7 39.Nf6 Rh8 40.Rxh8 Kxh8 41.Nd7 Kg7 42.Ne5  1-0

[Event "15th ETC"]
[Site "Gothenburg SWE"]
[Date "2005.08.06"]
[Round "8"]
[White "Ruck,R"]
[Black "Babula,V"]
[Result "1-0"]
[WhiteElo "2546"]
[BlackElo "2604"]

1.Nf3 Nf6 2.c4 b6 3.g3 c5 4.Bg2 Bb7 5.O-O g6 6.Nc3 Bg7 7.Re1 Ne4 8.Nxe4 Bxe4
9.d4 O-O 10.d5 b5 11.cxb5 a6 12.Bf1 e6 13.dxe6 dxe6 14.Qxd8 Rxd8 15.b6 Nd7
16.Nd2 Bc6 17.Nc4 a5 18.Bf4 Bd5 19.Rac1 Bxc4 20.Rxc4 Nxb6 21.Rxc5 Nd5 22.Bg5 Rdb8
23.b3 a4 24.Bg2 axb3 25.axb3 Rxb3 26.Bxd5 exd5 27.Rxd5 h5 28.Rd7 Rb2 29.Rd8+ Rxd8
30.Bxd8 Rd2 31.Bg5 Rd5 32.Bf4 Bf6 33.Kg2 Kg7 34.Rb1 Rd7 35.Rb5 Kh7 36.e4 Kg7
37.Be3 Kh7 38.h3 Kg7 39.Ra5 Re7 40.Kf3 Rb7 41.e5 Bd8 42.Ra8 Be7 43.Ke4 Rd7
44.Bd4 Rc7 45.Re8 Kh7 46.e6 f6 47.f4 Kg7 48.g4 hxg4 49.hxg4  1-0

[Event "Caissa IM August"]
[Site "Kecskemet HUN"]
[Date "2005.08.08"]
[Round "3"]
[White "Erdelyi,T"]
[Black "Kjartansson,G"]
[Result "1/2-1/2"]
[WhiteElo "2278"]
[BlackElo "2230"]

1.Nf3 Nf6 2.c4 b6 3.g3 c5 4.Bg2 Bb7 5.O-O g6 6.Nc3 Bg7 7.d4 cxd4 8.Qxd4 O-O
9.Qh4 h5 10.Bg5 d6 11.Rac1 Nbd7 12.Rfd1 Rc8 13.b3  1/2-1/2

[Event "ch-AUT Qualifier"]
[Site "Gmunden AUT"]
[Date "2005.08.14"]
[Round "2"]
[White "Petschar,H"]
[Black "Ennsberger,U"]
[Result "0-1"]
[WhiteElo "2092"]
[BlackElo "2280"]

1.Nf3 c5 2.c4 Nf6 3.g3 b6 4.Bg2 Bb7 5.O-O g6 6.d4 Bg7 7.d5 b5 8.a4 bxc4 9.Nc3 d6
10.Nd2 O-O 11.Nxc4 Na6 12.e4 Nb4 13.Na3 Nd7 14.f4 Qb8 15.Re1 Ba6 16.Nab5 c4
17.Be3 Nd3 18.Re2 N7c5 19.Bd4 Nb3 20.Bxg7 Qb6+ 21.Kf1 Kxg7 22.Ra3 Nd4 23.Nxd4 Qxd4
24.Qd2 Rfb8 25.Nd1 Rb4 26.Qc3 Qxc3 27.bxc3 Rb1 28.Rd2 Rab8 29.Raa2 R8b3 30.Rac2 Ra1
31.Ke2 Rxa4 32.Ke3 Rb1 33.Bf3 Bb5 34.Ra2 a5 35.Rxa4 Bxa4 36.Kd4 Bb3 37.Ne3 Rb2
38.Rxb2 Nxb2 39.Be2 a4 40.Bxc4 h5 41.Bxb3 axb3 42.Nf1 Na4 43.Nd2 Nc5 44.c4 b2
45.Nb1 h4 46.e5 f5 47.gxh4 Kh6 48.exd6 exd6 49.Kc3 Kh5 50.Kxb2 Kg4 51.Kc3 Kxf4
52.h5 gxh5 53.Kd4 h4 54.Nc3 Nb3+ 55.Kd3 Ke5 56.Nb5 f4 57.Nxd6 Nc5+  0-1

[Event "LAT-LIT Match"]
[Site "Liepaja LAT"]
[Date "2005.08.14"]
[Round "1"]
[White "Luckans,A"]
[Black "Rastenis,G"]
[Result "1/2-1/2"]
[WhiteElo "2457"]
[BlackElo "2333"]

1.Nf3 Nf6 2.g3 b6 3.Bg2 Bb7 4.O-O c5 5.c4 g6 6.Nc3 Bg7 7.d4 cxd4 8.Qxd4 d6
9.Qh4 h6 10.Rd1 Nbd7 11.Rb1 Rc8 12.b3 Rc5 13.Ba3 Rh5 14.Qd4 O-O 15.Bb2 Ne4
16.Qe3 Nxc3 17.Bxc3 Bxc3 18.Qxc3 Qa8 19.Ne1 Nf6 20.Bxb7 Qxb7 21.Ng2 b5 22.cxb5 Rxb5
23.Rbc1 Rc5 24.Qe3 Re5 25.Qd2 Kg7 26.Ne3 Rc8 27.Rxc8 Qxc8 28.Rc1 Qh3 29.Nf1 h5
30.Rc4 Qe6 31.Ne3 Re4 32.Rxe4 Qxe4 33.Qa5 Qd4 34.Qc7 d5 35.Qxe7 Qa1+ 36.Kg2 Qxa2
37.b4  1/2-1/2

[Event "ch-AUT Qualifier"]
[Site "Gmunden AUT"]
[Date "2005.08.16"]
[Round "4"]
[White "Holzer,G"]
[Black "Titz,Hei"]
[Result "0-1"]
[WhiteElo "2276"]
[BlackElo "2184"]

1.Nf3 c5 2.c4 Nf6 3.g3 b6 4.Bg2 Bb7 5.O-O g6 6.b3 Bg7 7.Bb2 O-O 8.Nc3 d6
9.e3 Nbd7 10.d4 a6 11.Qe2 e6 12.Rfd1 Qc7 13.Rac1 Rfd8 14.Nh4 Bxg2 15.Nxg2 cxd4
16.exd4 Qb7 17.d5 e5 18.Rf1 Re8 19.f3 Bh6 20.Rc2 Qc7 21.Kh1 Nh5 22.g4 Nf4
23.Nxf4 Bxf4 24.Ne4 Rf8 25.Ba3 Nc5 26.Bxc5 bxc5 27.g5 h6 28.h4 hxg5 29.Nxg5 Kg7
30.Qe4 Rh8 31.Rh2 Bxh2 32.Kxh2 Qe7 33.Kg3 Rh5 34.f4 f5 35.Qf3 Rah8 36.Rh1 exf4+  0-1

[Event "Operation Capablanca"]
[Site "Vienna AUT"]
[Date "2005.08.26"]
[Round "3"]
[White "Meier,Geo"]
[Black "Braun,A"]
[Result "1/2-1/2"]
[WhiteElo "2437"]
[BlackElo "2475"]

1.Nf3 Nf6 2.g3 b6 3.Bg2 Bb7 4.c4 c5 5.O-O g6 6.b3 Bg7 7.Bb2 O-O 8.Nc3 Na6
9.Rc1 d5 10.Nxd5 Nxd5 11.Bxg7 Kxg7 12.cxd5 Qxd5 13.d4 Rfd8 14.dxc5 Nxc5  1/2-1/2

[Event "Open"]
[Site "Bucharest ROM"]
[Date "2005.09.19"]
[Round "4"]
[White "Calotescu,A"]
[Black "Ionescu,Co"]
[Result "0-1"]
[WhiteElo "2273"]
[BlackElo "2456"]

1.Nf3 Nf6 2.c4 c5 3.g3 b6 4.Bg2 Bb7 5.O-O g6 6.b3 Bg7 7.Bb2 O-O 8.d4 cxd4
9.Nxd4 Bxg2 10.Kxg2 d5 11.cxd5 Qxd5+ 12.Nf3 Qb7 13.Nd2 Rd8 14.Qc2 Na6 15.Rad1 Rac8
16.Qb1 Nc5 17.Nc4 Nce4 18.Rxd8+ Rxd8 19.Rd1 Rc8 20.Ne3 Bh6 21.Rd3 Nc5 22.Rd4 Bxe3
23.fxe3 Ne6 24.Rd3 h5 25.Bxf6 exf6 26.Qb2 Kg7 27.Rc3 Rxc3 28.Qxc3 Qe4 29.Qd3 Nc5
30.Qxe4 Nxe4 31.Nd4 f5 32.b4 Nc3 33.a3 a6 34.Kf2 Kf6 35.Ke1 Ke5 36.Nc2 Kd5
37.Kd2 Kc4 38.Kc1 Nxe2+ 39.Kb2 Nc3  0-1

[Event "2nd Highlands Open A"]
[Site "Havlickuv Brod CZE"]
[Date "2005.09.30"]
[Round "7"]
[White "Cifka,S"]
[Black "Simacek,P"]
[Result "0-1"]
[WhiteElo "2347"]
[BlackElo "2453"]

1.Nf3 Nf6 2.c4 c5 3.g3 b6 4.Bg2 Bb7 5.O-O g6 6.b3 Bg7 7.Bb2 O-O 8.d4 cxd4
9.Nxd4 Bxg2 10.Kxg2 d5 11.Na3 Qd7 12.e3 Rd8 13.Qf3 e5 14.Ndc2 Ne4 15.Rfd1 Ng5
16.Qe2 e4 17.Ne1 Bxb2  0-1

[Event "5th ch-Asian"]
[Site "Hyderabad IND"]
[Date "2005.10.12"]
[Round "6"]
[White "Rahman,Zia"]
[Black "Sadvakasov,D"]
[Result "0-1"]
[WhiteElo "2570"]
[BlackElo "2612"]

1.Nf3 Nf6 2.c4 b6 3.g3 Bb7 4.Bg2 c5 5.O-O g6 6.Nc3 Bg7 7.d4 cxd4 8.Qxd4 d6
9.Rd1 Nbd7 10.Be3 Rc8 11.Rac1 O-O 12.Qh4 a6 13.b3 Rc7 14.g4 h6 15.h3 b5 16.Bxh6 bxc4
17.Bxg7 Kxg7 18.g5 Nh5 19.bxc4 Qc8 20.Nd5 Bxd5 21.Rxd5 Nc5 22.e3 f5 23.gxf6+ Nxf6
24.Ng5 Rh8 25.Qg3 Nxd5 26.cxd5 Qf5 27.Rc4 Rh5 28.h4 Rb7 29.Rg4 Rb1+ 30.Kh2 Rb2
31.Nh3 Rxa2 32.Nf4 Rh6 33.Rg5 Qf6 34.f3 Kf7 35.h5 gxh5 36.Nxh5 Nd7 37.Qg4 Ke8
38.Kg3 Rxh5 39.Qxh5+ Kd8 40.Rg8+ Kc7 41.Qe8 Qe5+ 42.Kh3 Qf5+ 43.Kh2 Kb6 44.Rg4 Qe5+
45.f4 Qf5 46.Rg5 Qh7+ 47.Kg3 Nf6 48.Qc6+ Ka5 49.Qc3+ Ka4 50.Qc4+ Ka3 51.e4 a5
52.e5 Rc2 53.Qd4 dxe5 54.Qe3+ Kb4 55.Qb6+ Kc4 56.f5 Rc3+ 57.Bf3 Ne4+ 58.Kg4 Nf6+
59.Kg3 e4 60.Qa6+ Kb3 61.Qb6+ Kc4 62.Qc6+ Kd4 63.Qb6+ Kc4 64.Qc6+ Kd3 65.Qb5+ Kd4
66.Qb6+ Rc5 67.Bg2 Qh6 68.Rg6 Qh5 69.d6 Qxf5 70.Rg7 Nh5+ 71.Kh2 Nxg7 72.Qb2+ Rc3
73.Qd2+ Rd3 74.Qb2+ Kc5 75.Qxg7  0-1

[Event "TCh-HUN 2005-6"]
[Site "Hungary HUN"]
[Date "2005.10.16"]
[Round "1"]
[White "Kiss,At"]
[Black "Medvegy,Z"]
[Result "0-1"]
[WhiteElo "2412"]
[BlackElo "2478"]

1.Nf3 c5 2.c4 Nf6 3.g3 b6 4.Bg2 Bb7 5.O-O g6 6.b3 Bg7 7.Bb2 d6 8.Nc3 O-O
9.Rc1 Nbd7 10.e3 a6 11.d4 b5 12.dxc5 Nxc5 13.b4 Ne6 14.cxb5 axb5 15.Nd4 Bxg2
16.Nxe6 fxe6 17.Kxg2 Qd7 18.Qb3 Ng4 19.h3 Ne5 20.Ne4 Nc4 21.Bxg7 Kxg7 22.Nd2 Ra3
23.Qc2 Nxd2 24.Qxd2 Rfa8 25.Rc2 Qa7 26.Ra1 Qb7+ 27.Kg1 Kf7 28.Rd1 Rc8 29.Rxc8 Qxc8
30.Rc1 Qa8 31.Rc2 Qe4 32.Qe2 Ra4 33.Rb2 Rxb4 34.Rxb4 Qxb4 35.Qf3+ Kg7 36.Qb7 Kf6
37.Qf3+ Ke5 38.Qb7 Qb1+ 39.Kh2 Qxa2 40.Qxb5+ Kf6 41.Kg1 Qa1+ 42.Kg2 Qa8+
43.Kg1 Kf7 44.h4 Qf3 45.Qb8 Kg7 46.Qd8 Qf6 47.Kg2 e5 48.e4 Kf7 49.Qc8 h5
50.Qb8 g5 51.hxg5 Qxg5 52.Qh8 Qg6 53.f3 Qg5 54.Kh3 e6 55.Qh7+ Ke8 56.Qh8+ Kd7
57.Qh7+ Kc6 58.Qf7 Qc1 59.Qe8+ Kb6 60.Qb8+ Ka5 61.Qd8+ Ka4 62.Qd7+ Kb3 63.Qxe6+ Kb2
64.Kh4 Qh1+ 65.Kg5 Qxf3 66.Qxd6 Qxe4 67.Kxh5 Qf3+ 68.g4 e4 69.Qb6+ Kc2 70.Qc6+ Kd2
71.Kg5 Qd3 72.Qb6 e3 73.Qb2+ Ke1 74.Kf4 e2 75.Qc1+ Kf2 76.Qb2 Kf1  0-1

[Event "zt 3.3"]
[Site "Beijing CHN"]
[Date "2005.10.23"]
[Round "5"]
[White "Zhou Jianchao"]
[Black "Yu Shaoteng"]
[Result "0-1"]
[WhiteElo "2516"]
[BlackElo "2516"]

1.Nf3 b6 2.g3 Bb7 3.Bg2 c5 4.c4 Nf6 5.O-O g6 6.Nc3 Bg7 7.d3 O-O 8.e4 d6 9.Ng5 h6
10.Nh3 Nc6 11.f4 Nd4 12.g4 Nd7 13.f5 g5 14.Kh1 a6 15.Ng1 b5 16.h4 e6 17.Nh3 Bf6
18.Ne2 Nxe2 19.Qxe2 Kg7 20.Be3 Ne5 21.Rf2 exf5 22.gxf5 g4 23.Nf4 Bxh4 24.f6+ Kh7
25.Nd5 Bxd5 26.exd5 Bxf6 27.Rg1 Bg5 28.Bxc5 Nf3 29.Bd4 Nxd4 30.Qxg4 Qb6 31.Qh5 f5
32.Be4 Qd8 33.Rfg2 Rg8 34.Bf3 Qf6 35.Bd1 Ra7 36.b4 Rag7 37.c5 Be3 38.Rxg7+ Rxg7
39.Rxg7+ Qxg7 40.Qh2 f4  0-1

[Event "Bundesliga 2005-6"]
[Site "Neukoelln GER"]
[Date "2005.10.23"]
[Round "2"]
[White "Schebler,G"]
[Black "Berndt,S"]
[Result "1/2-1/2"]
[WhiteElo "2474"]
[BlackElo "2447"]

1.Nf3 Nf6 2.c4 b6 3.g3 c5 4.Bg2 Bb7 5.O-O g6 6.Nc3 Bg7 7.d4 cxd4 8.Qxd4 d6
9.Be3 Nbd7 10.Rad1 Rc8 11.b3 O-O 12.Qh4 a6 13.Bh6 Re8 14.Bxg7  1/2-1/2

[Event "5th Rohde Open"]
[Site "Sautron FRA"]
[Date "2005.10.30"]
[Round "9"]
[White "Kosten,A"]
[Black "Abergel,T"]
[Result "1/2-1/2"]
[WhiteElo "2507"]
[BlackElo "2436"]

1.c4 Nf6 2.Nf3 c5 3.g3 b6 4.Bg2 Bb7 5.O-O g6 6.Nc3 Bg7 7.d4 cxd4 8.Qxd4 O-O
9.Qh4 Re8 10.Bh6 d6 11.Rfd1 Nbd7 12.Bxg7 Kxg7 13.Rac1 Rc8 14.Qd4 Qc7 15.b3 Qc5
16.Qd2 Qh5 17.Qb2 Kg8 18.Rd4 a6 19.Qd2 Qa5 20.Rh4 b5 21.Qh6 Bxf3 22.Bxf3 bxc4
23.bxc4 Nf8 24.Rc2 Qe5 25.Ne4  1/2-1/2

[Event "World Team Ch"]
[Site "Beer Sheva ISR"]
[Date "2005.11.05"]
[Round "5"]
[White "Gulko,B"]
[Black "Grischuk,A"]
[Result "1/2-1/2"]
[WhiteElo "2577"]
[BlackElo "2720"]

1.Nf3 Nf6 2.c4 b6 3.g3 c5 4.Bg2 Bb7 5.O-O g6 6.Nc3 Bg7 7.d4 cxd4 8.Qxd4 d6
9.Rd1 Nbd7 10.Be3 a6 11.Rac1 Rc8 12.b3 O-O 13.Qd2 Re8 14.Bh3 Rc7 15.Bh6 Rc5
16.Bxg7 Kxg7 17.Qd4 Qc7 18.e4 Kg8 19.Qe3 Qb8 20.Nd5 b5 21.cxb5 axb5 22.Nxf6+ Nxf6
23.Rxc5 dxc5 24.Qxc5 Nxe4 25.Qe3 Rd8 26.Rd4 Qa8  1/2-1/2

[Event "TCh-NED 2005-6"]
[Site "Netherlands NED"]
[Date "2005.11.05"]
[Round "3"]
[White "Motwani,P"]
[Black "Grooten,H"]
[Result "1-0"]
[WhiteElo "2505"]
[BlackElo "2350"]

1.Nf3 Nf6 2.g3 b6 3.Bg2 Bb7 4.O-O g6 5.c4 c5 6.Nc3 Bg7 7.Re1 d6 8.d4 cxd4
9.Nxd4 Bxg2 10.Kxg2 Qc8 11.b3 Qb7+ 12.e4 Nbd7 13.Nd5 a6 14.Ba3 Nc5 15.f3 O-O
16.Rc1 e6 17.Nxf6+ Bxf6 18.b4 Rfd8 19.Re2 Nd7 20.Nb3 Rac8 21.Rcc2 Ne5 22.Bb2 Bg7
23.Bxe5 Bxe5 24.Red2 Bf6 25.Rxd6 Rxd6 26.Qxd6 Be7 27.Qd2 Rd8 28.Qc3 Bg5 29.c5 bxc5
30.bxc5 Qc6 31.Qc4 e5 32.Na5 Qc8 33.c6 Rd1 34.Qe2 Rb1 35.c7 Rb5 36.Nb3 Be7
37.Rc6 Kg7 38.Qc4 Rb4 39.Qc3 f6 40.Qd3 a5 41.Qd5 a4 42.Qe6 axb3 43.Qxe7+ Kh6
44.Qxb4 bxa2 45.Qd2+  1-0

[Event "TCh-BEL 2005-6"]
[Site "Belgium BEL"]
[Date "2005.11.06"]
[Round "3"]
[White "Van de Velde,K"]
[Black "De Haan,E"]
[Result "1/2-1/2"]
[WhiteElo "2130"]
[BlackElo "2294"]

1.Nf3 Nf6 2.c4 c5 3.g3 b6 4.Bg2 Bb7 5.O-O g6 6.Nc3 Bg7 7.d4 cxd4 8.Nxd4 Bxg2
9.Kxg2 O-O 10.e4 Qc7 11.b3 Nxe4 12.Nxe4 Qe5 13.Qf3 Qxd4 14.Be3 Qe5 15.Rad1 Qc7
16.Bf4 Qc6 17.Rd5 Na6 18.Rfd1 Rad8 19.h4 Nc7 20.Bxc7 Qxc7 21.h5 Qc6 22.hxg6 fxg6
23.Qg4 h5 24.Qe2 Rf5 25.f3 Qe6 26.Qd3 Rxd5 27.cxd5 Qe5 28.d6 Rc8 29.dxe7 Qxe7
30.Rd2 Rc7 31.Qd6 Qxd6 32.Rxd6 Rc2+ 33.Kh3 Rxa2 34.Rxg6 Kf7 35.Rd6 Ke7 36.Rg6 Bd4
37.Rh6 Bg1 38.Rxh5 Rh2+ 39.Kg4 Rb2 40.Rh7+ Kd8 41.Nf6 Rd2 42.Kf5 a5 43.g4 Rd3
44.f4 Rxb3 45.Rxd7+ Kc8 46.g5 Rb5+ 47.Ke6 Be3 48.g6 Bxf4 49.g7 Re5+ 50.Kf7 Rg5
51.g8=Q+ Rxg8 52.Kxg8 Be5 53.Rf7 Bxf6 54.Rxf6 Kc7 55.Kf7 a4 56.Ke6 Kc6 57.Ke5+ Kc5
58.Ke4 Kc4 59.Rc6+ Kb5 60.Rc1 a3  1/2-1/2

[Event "WJun Girls"]
[Site "Instanbul TUR"]
[Date "2005.11.10"]
[Round "2"]
[White "Harika,D"]
[Black "Meshcheriakova,E"]
[Result "1-0"]
[WhiteElo "2392"]
[BlackElo "2197"]

1.Nf3 Nf6 2.c4 b6 3.g3 c5 4.Bg2 Bb7 5.O-O g6 6.Nc3 Bg7 7.Re1 O-O 8.e4 d6
9.d4 cxd4 10.Nxd4 Qd7 11.h3 Nc6 12.Be3 Rac8 13.b3 Rfe8 14.Rc1 Qc7 15.Nde2 Qb8
16.Qd2 Ne5 17.Nd5 Qa8 18.Bd4 Ned7 19.Nec3 Qb8 20.Rcd1 Rcd8 21.Qb2 e6 22.Nxf6+ Bxf6
23.Bxf6 Nxf6 24.Nb5 e5 25.Qa3 Re6 26.Qxa7 Qxa7 27.Nxa7 Ra8 28.Nb5 Rxa2 29.Nc7 Re7
30.Rxd6 Rxc7 31.Rxf6 b5 32.cxb5 Rb2 33.Rf3 Rc5 34.Bf1 Bc8 35.Bc4 Be6 36.Rc3 Bxc4
37.bxc4 Rbxb5 38.cxb5 Rxc3 39.Rb1 Rc7 40.b6 Rb7 41.f4 f6 42.fxe5 fxe5 43.Kf2 Kf7
44.Ke3 Ke6 45.Kd3 Kd6 46.Kc4 Kc6 47.g4 h6 48.h4 Rb8 49.b7  1-0

[Event "Bundesliga 2005-6"]
[Site "Koeln GER"]
[Date "2005.11.13"]
[Round "4"]
[White "Nikolic,Pr"]
[Black "Van Wely,L"]
[Result "1/2-1/2"]
[WhiteElo "2584"]
[BlackElo "2648"]

1.Nf3 Nf6 2.c4 c5 3.g3 b6 4.Bg2 Bb7 5.O-O g6 6.b3 Bg7 7.Bb2 O-O 8.Nc3 d5
9.Nxd5 Nxd5 10.Bxg7 Kxg7 11.cxd5 Qxd5 12.d4 cxd4 13.Qxd4+ Qxd4 14.Nxd4 Bxg2
15.Kxg2 Rc8 16.Rac1 Nd7 17.Rfd1 Nf6 18.Kf3 Rxc1 19.Rxc1 Rd8 20.Rc4 a6 21.Nc6 Rd2
22.Ra4 a5 23.Nxe7 Rc2 24.e4  1/2-1/2

[Event "Bundesliga 2005-6"]
[Site "Tegernsee GER"]
[Date "2005.11.13"]
[Round "4"]
[White "Meier,Geo"]
[Black "Beckhuis,G"]
[Result "1/2-1/2"]
[WhiteElo "2411"]
[BlackElo "2328"]

1.Nf3 Nf6 2.g3 b6 3.Bg2 Bb7 4.c4 c5 5.O-O g6 6.Nc3 Bg7 7.d4 cxd4 8.Qxd4 d6
9.b3 O-O 10.Qh4 Nh5 11.Bd2 Bf6 12.Qg4 Nd7 13.Rac1 Nc5 14.Nd5 Bg7 15.Bc3 e6
16.Bxg7 Nxg7 17.Nc3 Qe7 18.Rfd1 Rfd8 19.Qg5 Qxg5 20.Nxg5 Bxg2 21.Kxg2 h6
22.Nge4 Nxe4 23.Nxe4 Ne8 24.Rd3 Kf8 25.Rcd1 Ke7 26.g4 f5 27.gxf5 gxf5 28.Nc3 Nf6
29.Nb5 d5 30.Nd4 Rac8 31.Re3 Ne4 32.f3 f4 33.Red3 Rg8+ 34.Kf1 Nc5 35.Rc3 Rg5
36.cxd5 exd5 37.b4 Rcg8 38.Ke1 Ne6 39.Nxe6 Kxe6 40.Rc6+ Ke5 41.Rxh6 Rg1+
42.Kd2 Rxd1+ 43.Kxd1 Rg1+ 44.Kd2 Ra1 45.Kd3 Rxa2 46.Rh5+ Ke6 47.Rh6+ Ke5
48.Rh5+  1/2-1/2

[Event "WJun"]
[Site "Instanbul TUR"]
[Date "2005.11.17"]
[Round "8"]
[White "Magalashvili,D"]
[Black "Tomashevsky,E"]
[Result "1/2-1/2"]
[WhiteElo "2448"]
[BlackElo "2564"]

1.Nf3 Nf6 2.c4 b6 3.g3 c5 4.Bg2 Bb7 5.O-O g6 6.b3 Bg7 7.Bb2 O-O 8.Nc3 Na6
9.d4 Nc7 10.Qd2 cxd4 11.Nxd4 d5 12.cxd5 Nfxd5 13.Rfd1 Nxc3 14.Bxc3 Qd5 15.f3 Rfd8
16.e4 Rac8 17.Qb2  1/2-1/2

[Event "18th Belgrade Trophy"]
[Site "Obrenovac SCG"]
[Date "2005.11.23"]
[Round "2"]
[White "Stanisic,J"]
[Black "Ruzicic,S"]
[Result "1/2-1/2"]
[WhiteElo "1732"]
[BlackElo "2125"]

1.Nf3 Nf6 2.c4 c5 3.g3 b6 4.Bg2 Bb7 5.O-O g6 6.Nc3 Bg7 7.d4 cxd4 8.Nxd4 Bxg2
9.Kxg2 O-O 10.e3 Qc7 11.b3 e5 12.Nde2 Qb7+ 13.Nd5 Na6 14.Kg1 Rfe8 15.Bb2 Ne4
16.Nec3 Nac5 17.Nxe4 Nxe4 18.Qe2 d6 19.Rfd1 Rad8 20.Rac1 Qd7 21.Nc3 Ng5 22.h4 Ne6
23.Ba3 Bf8 24.Ne4 Qc6 25.Nf6+ Kg7 26.Nxe8+ Rxe8 27.Rd2 e4 28.Rcd1 Rd8 29.Rd5 Nc7
30.R5d4 Ne6 31.Rd5 Nc7 32.R5d4 Be7 33.h5 Ne6 34.Rd5 Ng5 35.Kg2 Nf3 36.Qb2+ f6
37.hxg6 hxg6 38.Rh1 Qc8 39.Qc2 Qg4 40.Qd1 Qe6 41.Rh3 Ng5 42.Rh4 Nf3 43.Rh3 Ng5
44.Rh4 Rh8 45.Rxh8 Kxh8 46.Qh1+ Kg7 47.Qh4 Nf3 48.Qh3 Ne1+ 49.Kh2  1/2-1/2

[Event "Bundesliga 2005-6"]
[Site "Godesberg GER"]
[Date "2005.12.11"]
[Round "6"]
[White "Andersson,U"]
[Black "Volke,K"]
[Result "1/2-1/2"]
[WhiteElo "2565"]
[BlackElo "2473"]

1.Nf3 c5 2.c4 Nf6 3.g3 b6 4.Bg2 Bb7 5.O-O g6 6.b3 Bg7 7.Bb2 O-O 8.Nc3 d6
9.d4 cxd4 10.Qxd4 Nbd7 11.Rac1 Rc8 12.Rfd1 Ne4 13.Qe3 Nxc3 14.Bxc3 Bxc3 15.Rxc3 Bxf3
16.Bxf3 Rc5 17.Bg2 Re8 18.b4 Rc7 19.Bh3 Nf6 20.a3 Qa8 21.Bg2 Qc8 22.Rdc1 Qd7
23.c5 bxc5 24.bxc5 dxc5 25.Rxc5 Rec8 26.Bf3  1/2-1/2

[Event "5th Amplico AIG Life Places 13-16"]
[Site "Warsaw POL"]
[Date "2005.12.18"]
[Round "1"]
[White "Markowski,T"]
[Black "Manik,M"]
[Result "1-0"]
[WhiteElo "2582"]
[BlackElo "2474"]

1.Nf3 Nf6 2.c4 g6 3.g3 b6 4.Bg2 Bb7 5.O-O c5 6.d3 Bg7 7.e4 d6 8.Nc3 Nc6 9.a3 O-O
10.Rb1 Nd7 11.Bd2 e6 12.b4 Nd4 13.Nxd4 cxd4 14.Ne2 Ne5 15.Qb3 Rc8 16.h3 d5
17.exd5 exd5 18.cxd5 Ba6 19.b5 Bb7 20.Nxd4 Rc5 21.Nc6 Bxc6 22.bxc6  1-0

[Event "Masters"]
[Site "Hastings ENG"]
[Date "2006.01.01"]
[Round "5"]
[White "Gagunashvili,M"]
[Black "Kjartansson,G"]
[Result "1-0"]
[WhiteElo "2542"]
[BlackElo "2257"]

1.Nf3 Nf6 2.c4 b6 3.g3 c5 4.Bg2 Bb7 5.O-O g6 6.Nc3 Bg7 7.d4 cxd4 8.Qxd4 O-O
9.Qh4 h5 10.Bg5 d6 11.Rfd1 Re8 12.Rac1 Nbd7 13.Qf4 Nc5 14.Bh6 Ne6 15.Qd2 Ne4
16.Nxe4 Bxe4 17.Bxg7 Nxg7 18.Qf4 Bxf3 19.Bxf3 Rc8 20.Bd5 Rf8 21.Qh6 e6 22.Be4 Qf6
23.Qd2 Rfd8 24.Rc3 Ne8 25.Bg2 Rc5 26.Rf3 Qe5 27.b3 b5 28.Re3 Qg5 29.cxb5 Rxb5
30.Bc6 Rc5 31.Bxe8 Rxe8 32.Qxd6 Rc2 33.Rd2 Rc1+ 34.Kg2 h4 35.Qf4 Qa5 36.Rf3 Rf8
37.gxh4 e5 38.Qg5 Rc5 39.Rd6  1-0